Obi-wan and Vader dialogue - Statistics

General Stats
  • This quiz has been taken 71 times
  • The average score is 7 of 11
Answer Stats
Hint Answer % Correct
I shall become more ________ that you can possibly imagine powerful
88%
I've been waiting for you _________ Obi-wan
86%
now I am the __________ master
84%
if you ______ me down strike
66%
your powers are weak ____ ____ old man
61%
you can't ______ darth win
59%
we_____ ______at last meet again
54%
when I left you i was but a _______ learner
50%
only a master of _____ darth evil
48%
the______ is now complete circle
39%
you should not have _____ _____ come back
25%
No matching quizzes found
Score Distribution
Percent of People with Each Score
Percentile by Number Answered
Your Score History
You have not taken this quiz